| 000 | 00429nam a22001697a 4500 | ||
|---|---|---|---|
| 005 | 20251108173508.0 | ||
| 008 | 250721s1996 xx 000 0 eng d | ||
| 082 | 1 | 4 | _aj/f/alb |
| 100 | 1 |
_aalbee, sarah _eمؤلف |
|
| 245 | 1 | 0 | _aelmo,s 12 days of christmas / |
| 264 | 1 |
_anew york : _brandom house, _c1996. |
|
| 300 | _a22p | ||
| 650 | 1 | 7 | _aFICTION |
| 700 | 1 |
_aswanson, maggie _eIllus. |
|
| 942 |
_2ddc _cBK |
||
| 999 |
_c105273 _d105273 |
||